Countries With Mainly Orange Flags - Statistics

General Stats
  • This quiz has been taken 53 times
  • The average score is 6 of 6
Answer Stats
Picture Hint Answer % Correct
%33.3 India
100%
%33.3 Ireland
100%
%43.5 Bhutan
98%
%33.3 Ivory Coast
93%
%33.3 Armenia
85%
%37.8 Niger
78%
No matching quizzes found
Score Distribution
Percent of People with Each Score
Percentile by Number Answered
Your Score History
You have not taken this quiz